000 00373nam a2200133Ia 4500
003 GCL
008 140319s9999 xx 000 0 ara d
040 _aGCL /
_cGCL
082 0 4 _aط
_b813.02
_bن س
245 1 0 _aمغامرات الكشافة
260 _a[S.N] :
_bدار الفكر العربى
300 _a16
490 _aسلسلة سوتى وحوبى للاطفال
_v0
999 _c57656
_d57656